书目信息 |
| 题名: |
中国工程科技2035发展战略
|
|
| 作者: | ;中国工程科技2035发展战略研究项目组 编 | |
| 分册: | 化工、冶金与材料领域报告 | |
| 出版信息: | 北京 科学出版社 2020 |
|
| 页数: | 28,415页 | |
| 开本: | 24cm | |
| 丛书名: | 中国工程科技2035发展战略丛书 | |
| 单 册: | ||
| 中图分类: | G322 , TQ-12 | |
| 科图分类: | ||
| 主题词: | 科技发展--发展战略--研究报告--中国 , 化学工业--科技发展--发展战略--研究报告--中国 , 冶金工业--科技发展--发展战略--研究报告--中国 , 工程材料--科技发展--发展战略--研究报告--中国 | |
| 电子资源: | ||
| ISBN: | 978-7-03-062696-7 | |
| 000 | 01542nam0 2200301 450 | |
| 001 | 2272732201 | |
| 005 | 20221007201237.58 | |
| 010 | @a978-7-03-062696-7@dCNY168.00 | |
| 100 | @a20200911d2020 em y0chiy50 ea | |
| 101 | 0 | @achi |
| 102 | @aCN@b110000 | |
| 105 | @aa z 001yy | |
| 200 | 1 | @a中国工程科技2035发展战略@9zhong guo gong cheng ke ji 2035 fa zhan zhan lue@i化工、冶金与材料领域报告@f“中国工程科技2035发展战略研究”项目组[编] |
| 210 | @a北京@c科学出版社@d2020 | |
| 215 | @a28,415页@c图@d24cm | |
| 225 | 1 | @a中国工程科技2035发展战略丛书 |
| 304 | @a英文共同题名:The development strategy of China's engineering science and technology for 2035 | |
| 330 | @a本书在分析世界科技发展大势的基础上,结合中国建设社会主义现代化国家的战略与需求,对化工、冶金与材料领域工程科技发展战略进行了研究,提出了面向2035年的中国化工、冶金与材料领域工程科技发展战略思路与目标、重点任务与实施路径;分析了该领域工程科技关键技术、关键共性技术颠覆性技术,提出了重大工程、重大工程科技专项建议,并对需要优先开展的基础研究方向提出了政策建议。 | |
| 461 | 0 | @12001 @a中国工程科技2035发展战略丛书 |
| 606 | 0 | @a科技发展@x发展战略@x研究报告@y中国 |
| 606 | 0 | @a化学工业@x科技发展@x发展战略@x研究报告@y中国 |
| 606 | 0 | @a冶金工业@x科技发展@x发展战略@x研究报告@y中国 |
| 606 | 0 | @a工程材料@x科技发展@x发展战略@x研究报告@y中国 |
| 690 | @aG322@v5 | |
| 690 | @aTQ-12@v5 | |
| 711 | 02 | @a中国工程科技2035发展战略研究项目组@9zhong guo gong cheng ke ji 2035 fa zhan zhan lue yan jiu xiang mu zu@4编 |
| 801 | 0 | @aCN@b91MARC@c20200911 |
| 905 | @aZUCC@dG322@e11:7 | |
| 中国工程科技2035发展战略.化工、冶金与材料领域报告/“中国工程科技2035发展战略研究”项目组[编].-北京:科学出版社,2020 |
| 28,415页:图;24cm.-(中国工程科技2035发展战略丛书) |
| ISBN 978-7-03-062696-7:CNY168.00 |
| 本书在分析世界科技发展大势的基础上,结合中国建设社会主义现代化国家的战略与需求,对化工、冶金与材料领域工程科技发展战略进行了研究,提出了面向2035年的中国化工、冶金与材料领域工程科技发展战略思路与目标、重点任务与实施路径;分析了该领域工程科技关键技术、关键共性技术颠覆性技术,提出了重大工程、重大工程科技专项建议,并对需要优先开展的基础研究方向提出了政策建议。 |
| ● |
| 相关链接 |
|
|
|
正题名:中国工程科技2035发展战略
索取号:G322/11:7
 
预约/预借
| 序号 | 登录号 | 条形码 | 馆藏地/架位号 | 状态 | 备注 |
| 1 | 2000912383 | 2000912383 | 第三书库/ [索取号:G322/11:7] | 在馆 | |
| 2 | 2000912384 | 2000912384 | 第三书库/ [索取号:G322/11:7] | 在馆 | |
| 3 | 2000912385 | 2000912385 | 第三书库/ [索取号:G322/11:7] | 在馆 |